ბათუმის შოთა რუსთაველის სახელმწიფო უნივერსიტეტის ბიბლიოთეკა

Netzwerk neu : (ბიბ.ჩანაწერი № 59304)

000 -LEADER
fixed length control field 00757nam a22002177a 4500
005 - DATE AND TIME OF LATEST TRANSACTION
control field 20230116150425.0
008 - FIXED-LENGTH DATA ELEMENTS--GENERAL INFORMATION
fixed length control field 230116s2022ge xxu||||| |||| 00| 0 ger d
020 ## - INTERNATIONAL STANDARD BOOK NUMBER
International Standard Book Number 9783126071758 X
041 ## - LANGUAGE CODE
Language code of text/sound track or separate title ger
080 ## - UNIVERSAL DECIMAL CLASSIFICATION NUMBER
Universal Decimal Classification number 811.112.2 P-64
100 ## - MAIN ENTRY--PERSONAL NAME
Personal name Pilaski, Anna
9 (RLIN) 16682
245 ## - TITLE STATEMENT
Title Netzwerk neu :
Remainder of title B1. Testheft mit Audios /
Statement of responsibility, etc. Anna Pilaski, Kirsten Althaus, Hildegard Meiste.
264 ## - PRODUCTION, PUBLICATION, DISTRIBUTION, MANUFACTURE, AND COPYRIGHT NOTICE
Place of production, publication, distribution, manufacture Stuttgart:
Name of producer, publisher, distributor, manufacturer Ernst Klett Sprachen,
Date of production, publication, distribution, manufacture, or copyright notice 2022.
300 ## - PHYSICAL DESCRIPTION
Extent 72 p.:
Other physical details ill. en coul. ;
Dimensions 28 cm.
653 ## - INDEX TERM--UNCONTROLLED
keyword Netzwerk neu : B1 : Testheft mit Audios
653 ## - INDEX TERM--UNCONTROLLED
keyword გერმანული ენა
700 ## - ADDED ENTRY--PERSONAL NAME
Personal name Pilaski, Anna
Relator term Author
9 (RLIN) 16683
700 ## - ADDED ENTRY--PERSONAL NAME
Personal name Althaus, Kirsten
Relator term Author
9 (RLIN) 16684
700 ## - ADDED ENTRY--PERSONAL NAME
Personal name Meister, Hildegard
Relator term Author
9 (RLIN) 16685
942 ## - ADDED ENTRY ELEMENTS (KOHA)
Source of classification or shelving scheme
Koha item type წიგნი
ეგზემპლარები
Withdrawn status Lost status Source of classification or shelving scheme Damaged status Not for loan Permanent Location Current Location Shelving location Date acquired Cost, normal purchase price Full call number Barcode Date last seen Copy number Price effective from Koha item type Public note
          ბათუმის შოთა რუსთაველის სახელმწიფო უნივერსიტეტის მთავარი ბიბლიოთეკა ბათუმის შოთა რუსთაველის სახელმწიფო უნივერსიტეტის მთავარი ბიბლიოთეკა წიგნსაცავი 2023-01-16 10.00 811.112.2 P-64 63445 2023-01-16 63445 2023-01-16 წიგნი 10ლ.50თ.